Normal view
MARC view
Entry Topical Term
001 - CONTROL NUMBER
- control field: 1234961
003 - CONTROL NUMBER IDENTIFIER
- control field: OSt
005 - DATE AND TIME OF LATEST TRANSACTION
- control field: 20260416122633.0
008 - FIXED-LENGTH DATA ELEMENTS
- fixed length control field: 260416|| aca||aabn | a|a d
040 ## - CATALOGING SOURCE
- Original cataloging agency: OSt
- Transcribing agency: OSt
150 ## - HEADING--TOPICAL TERM
- Topical term or geographic name entry element: South Asia-Foreign Relations
670 ## - SOURCE DATA FOUND
- Source citation: Work cat.: (OSt)1464325: Chadha, Astha 847005, Faith and politics in south Asia: , 2025.
